000
00278nam a2200109Ia 4500
008
220204s9999 xx 000 0 und d
082
_a
930:726
_b
CAR
100
_a
Carroll, David
245
0
_a
Wonders of man: Taj Mahal
260
_a
New York
_b
S Arthur Dembner
_c
1972
942
_c
BK
999
_c
29659
_d
29659